Statistics for World of Warcraft: Expansions

Click here to take the quiz!

General Stats

  • This quiz has been taken 17 times
  • The average score is 8 of 8

Answer Stats

Answer% Correct
Cataclysm
100%
Mists of Pandaria
100%
Wrath of the Lich King
100%
Battle for Azeroth
94%
Legion
94%
Warlords of Draenor
94%
Burning Crusade
88%
Shadowlands
88%

Score Distribution

Percentile by Number Answered

Percent of People with Each Score

Your Score History

You have not taken this quiz